Statistiques concernant Culture Générale - Série 580

Cliquez ici pour prendre le quiz!

Statistiques générales

  • Ce quiz a été pris 139 fois
  • Le résultat moyen est 7 sur 10

Statistiques - réponses

QuestionRéponse% Correct
Quel est le nom du chien de Tintin, célèbre héros de bande dessinée ?Milou
97%
Quel roi d'Angleterre avait pour surnom "Coeur de lion" ?Richard Ier
96%
Quels animaux sont employés dans une brigade cynophile ?chiens
90%
Dans le film "Les Bronzés font du ski", le moniteur de ski enseigne à Jean-Claude Duss le planter du...bâton
86%
Dans quel pays d'Europe se trouvent les cantons de Thurgovie et de Schwyz ?Suisse
80%
Les bateliers qui manoeuvrent les barques vénitiennes chantées par Sheila et Ringo en 1973, s'appellent des...gondoliers
75%
Quel mot désigne la cicatrice laissée par le cordon ombilical sur le ventre des mammifères ?nombril
75%
Si un fonctionnaire touche un traitement, que perçoit un avocat ?honoraires
53%
Quel tennisman détenait le record du nombre de victoires en tournois du grand chelem, avant d'être détrôné par Roger Federer ?Pete Sampras
37%
Quel est le prénom du Docteur Jivago, dans le film du même nom ?Youri
10%

Distribution des résultats

Percentile par nombre de réponses

% des personnes avec chaque résultat

Votre développement - résultats

Vous n’avez pas pris ce quiz